Sido - Mit Dir (lyrics) - Statistiken

Allgemein
  • Dieses Quiz wurde 131 mal gespielt
  • Das Durchschnittsergebnis liegt bei 283 aus 385
Antwortstatistiken
Antwort % Korrekt
dir,
100%
dir
100%
dir)
100%
mit
100%
Ich
99%
ich
99%
ich,
99%
so
91%
Sex
90%
sex
90%
bin
89%
und
87%
mein
86%
Bett
85%
bett
85%
hier
85%
gern
84%
hab
84%
am
83%
lache
83%
teile
83%
wein
83%
jetzt
80%
besten
78%
gerne
78%
komplett
78%
(komplett
78%
alles
76%
nur
75%
allein
74%
mir
74%
mir,
74%
da
72%
bei
70%
bleib
70%
würd
69%
du
68%
teilen
66%
die
64%
es
64%
also
63%
dich
55%
in
55%
auf
54%
baby,
54%
Baby,
54%
das
54%
den
54%
Scheine
54%
Berge
53%
Hause,
53%
ist
53%
komm
53%
versetze
53%
zu
52%
leide
51%
mach
51%
morgens
49%
nach
49%
wenn
49%
zähl
49%
lebe
48%
war
48%
viel
47%
Ende
46%
für
46%
Herz
46%
sterbe
46%
niemand
45%
wie
45%
durch
44%
durch,
44%
passiert
44%
uns
44%
von
44%
wir
44%
Boden
43%
ein
43%
repariert,
43%
schenk
41%
wach
41%
werd
41%
Hawaii
40%
kann,
40%
Strand
40%
um
40%
mehr
39%
nackig
39%
nicht,
39%
Riesen
39%
was
39%
lerne
38%
machs
38%
zeig
38%
besser
37%
Dämonen
37%
geflogen
37%
hundert
37%
liege
37%
neben
37%
bleibe
36%
dann
36%
Hölle
36%
auch
34%
auch,
34%
verprass
34%
baue
33%
bekämpfe
33%
betrunken
33%
liebsten
33%
wo
33%
bitte
32%
Kindern
32%
verlier
32%
versteh
32%
wache
32%
Dach
31%
ichs
31%
Leben
31%
nehm
31%
sehen
31%
warst
31%
Bonnie
30%
Clyde
30%
Erde
30%
Gegenwind
30%
Hauptsache,
30%
Kauf
30%
riskieren
30%
genießen
28%
machst
28%
T-shirt
26%
wieder
26%
zweifelst
26%
zweit
25%
high
24%
Kraft
24%
tanke
23%
trägst
23%
weit
23%
neue
22%
bleiben
21%
weg,
21%
geht
20%
doch
18%
zuhause
17%
hintreibt,
16%
Keine übereinstimmenden Quizze gefunden
Verteilung der Resultate
Anzahl Personen mit jedem Resultat
Perzentil nach korrekt beantworteten Fragen
Ihre Resultats-Entwicklung
Sie haben dieses Quiz noch nicht gespielt